000
00269nam a2200109Ia 4500
008
240624s9999 xx 000 0 und d
041
_a
eng
082
_a
658.8 WES
100
_a
WESTWOOD JOHN
245
_a
MARKETING PLAN WORKBOOK
260
_c
2005
_a
New Delhi
_b
Kogan Page
999
_c
31828
_d
31828